000 00484cam a2200181 4500
001 D8258
008 090401t xxu||||| |||| 00| 0 eng d
035 _a(Sirsi) u12054
041 _aeng
050 _a627.86
110 _aS Robb and Sons
_92160
245 2 _aA guide to the construction of polythene-lined reservoirs, lakes, ponds and lagoons
260 _aSt. Ives, Huntingdon
_bS Robb
_cnd (1977)
300 _a5 leaves. 30cm
350 _a0
942 _n0
948 _c04/03/1997
999 _c86943
_d86943